[Event "9 Round Open"]
[Site "Enniscrone, Sligo, IE"]
[Date "2026.02.03"]
[Round "2"]
[White "McGill, Derek"]
[Black "Mabhena, Vladimir"]
[Result "1-0"]
[Board "20"]
[WhiteFideId "2510375"]
[BlackFideId "2519143"]
[WhiteElo "1853"]
[BlackElo "1546"]
[WhiteTeam "IRL"]
[BlackTeam "IRL"]
[WhiteClock "0:23:30"]
[BlackClock "0:57:36"]
[Variant "Standard"]

1. c4 {[%clk 1:30:45]}  e5 {[%clk 1:30:53]} 2. Nc3 {[%clk 1:30:59]}  Nf6 {[%clk 1:30:58]} 3. g3 {[%clk 1:30:18]}  c6 {[%clk 1:30:46]} 4. e4 {[%clk 1:21:34]}  d5 {[%clk 1:26:19]} 5. exd5 {[%clk 1:19:58]}  cxd5 {[%clk 1:26:40]} 6. cxd5 {[%clk 1:16:03]}  Nxd5 {[%clk 1:27:00]} 7. Qe2 {[%clk 1:13:47]}  Nc6 {[%clk 1:23:52]} 8. Bg2 {[%clk 1:10:54]}  Nxc3 {[%clk 1:17:06]} 9. dxc3 {[%clk 1:05:49]}  Bd6 {[%clk 1:16:02]} 10. Be3 {[%clk 1:05:12]}  O-O {[%clk 1:15:51]} 11. Rd1 {[%clk 0:59:12]}  Qc7 {[%clk 1:13:46]} 12. Be4 {[%clk 0:39:43]}  Bg4 {[%clk 1:08:13]} 13. Qxg4 {[%clk 0:37:41]}  Ne7 {[%clk 1:05:44]} 14. Bh6 {[%clk 0:31:27]}  Ng6 {[%clk 1:05:47]} 15. Bxg6 {[%clk 0:30:56]}  fxg6 {[%clk 1:05:52]} 16. Qe6+ {[%clk 0:27:41]}  Rf7 {[%clk 1:02:12]} 17. Qxd6 {[%clk 0:23:34]}  Qxd6 {[%clk 1:02:24]} 18. Rxd6 {[%clk 0:24:02]}  Raf8 {[%clk 1:02:26]} 19. Be3 {[%clk 0:24:13]}  Re7 {[%clk 0:57:43]} 20. Ne2 {[%clk 0:22:28]}  b6 {[%clk 0:57:36]} 21. O-O {[%clk 0:23:30]} 1-0

[Event "9 Round Open"]
[Site "Enniscrone, Sligo, IE"]
[Date "2026.02.03"]
[Round "3"]
[White "Blohberger, Felix"]
[Black "Rakhmangulov, Andrei"]
[Result "1-0"]
[Board "1"]
[WhiteFideId "1632051"]
[BlackFideId "14101467"]
[WhiteTitle "GM"]
[BlackTitle "IM"]
[WhiteElo "2543"]
[BlackElo "2262"]
[WhiteTeam "AUT"]
[BlackTeam "UKR"]
[WhiteClock "0:02:08"]
[BlackClock "0:03:10"]
[Variant "Standard"]

1. e4 {[%clk 1:30:52]}  d6 {[%clk 1:21:46]} 2. d4 {[%clk 1:31:11]}  Nf6 {[%clk 1:22:07]} 3. Bd3 {[%clk 1:31:24]}  g6 {[%clk 1:18:53]} 4. Nf3 {[%clk 1:31:45]}  Bg7 {[%clk 1:18:57]} 5. O-O {[%clk 1:32:06]}  O-O {[%clk 1:17:47]} 6. c3 {[%clk 1:32:17]}  Nc6 {[%clk 1:15:08]} 7. h3 {[%clk 1:32:23]}  e5 {[%clk 1:14:53]} 8. Re1 {[%clk 1:32:40]}  h6 {[%clk 1:10:43]} 9. Be3 {[%clk 1:25:26]}  Nh5 {[%clk 1:05:49]} 10. Nbd2 {[%clk 1:25:19]}  Nf4 {[%clk 1:05:17]} 11. Bxf4 {[%clk 1:20:54]}  exf4 {[%clk 1:05:14]} 12. b4 {[%clk 1:21:18]}  Ne7 {[%clk 0:57:43]} 13. e5 {[%clk 1:10:15]}  d5 {[%clk 0:50:58]} 14. Nh2 {[%clk 1:02:25]}  h5 {[%clk 0:46:31]} 15. b5 {[%clk 0:55:37]}  Be6 {[%clk 0:44:37]} 16. a4 {[%clk 0:55:21]}  b6 {[%clk 0:42:24]} 17. a5 {[%clk 0:50:02]}  Qd7 {[%clk 0:42:04]} 18. Ra2 {[%clk 0:49:14]}  c5 {[%clk 0:35:52]} 19. bxc6 {[%clk 0:48:06]}  Nxc6 {[%clk 0:36:02]} 20. axb6 {[%clk 0:47:02]}  axb6 {[%clk 0:36:04]} 21. Rxa8 {[%clk 0:39:09]}  Rxa8 {[%clk 0:36:04]} 22. Qb1 {[%clk 0:37:30]}  Qd8 {[%clk 0:33:49]} 23. Nhf3 {[%clk 0:33:02]}  Kh7 {[%clk 0:28:59]} 24. h4 {[%clk 0:31:15]}  Bh6 {[%clk 0:28:32]} 25. Qb5 {[%clk 0:29:18]}  Ne7 {[%clk 0:27:45]} 26. Rb1 {[%clk 0:28:06]}  Nf5 {[%clk 0:23:30]} 27. Bxf5 {[%clk 0:25:39]}  Bxf5 {[%clk 0:24:00]} 28. Rb3 {[%clk 0:25:11]}  Rb8 {[%clk 0:21:21]} 29. Ra3 {[%clk 0:19:48]}  Qe7 {[%clk 0:19:31]} 30. Ra6 {[%clk 0:19:29]}  Qb7 {[%clk 0:19:10]} 31. Qa4 {[%clk 0:19:14]}  Be6 {[%clk 0:18:08]} 32. Ra7 {[%clk 0:19:06]}  Qc8 {[%clk 0:18:34]} 33. Qa3 {[%clk 0:15:08]}  Rb7 {[%clk 0:18:30]} 34. Ra8 {[%clk 0:14:28]}  Rb8 {[%clk 0:18:53]} 35. Ra4 {[%clk 0:13:16]}  Qc7 {[%clk 0:18:19]} 36. Qb2 {[%clk 0:12:51]}  Rc8 {[%clk 0:18:07]} 37. Ra3 {[%clk 0:13:18]}  Qb7 {[%clk 0:15:53]} 38. Rb3 {[%clk 0:13:19]}  Rc6 {[%clk 0:16:10]} 39. Ne1 {[%clk 0:11:48]}  Bf5 {[%clk 0:15:28]} 40. Ndf3 {[%clk 0:11:24]}  Qa6 {[%clk 0:13:04]} 41. Ra3 {[%clk 0:10:59]}  Qc4 {[%clk 0:12:11]} 42. Rb3 {[%clk 0:09:31]}  Be6 {[%clk 0:11:22]} 43. Ra3 {[%clk 0:07:20]}  Bf5 {[%clk 0:11:02]} 44. Qd2 {[%clk 0:05:32]}  Rc7 {[%clk 0:08:12]} 45. Ng5+ {[%clk 0:04:54]}  Bxg5 {[%clk 0:08:34]} 46. hxg5 {[%clk 0:05:19]}  Qb5 {[%clk 0:07:11]} 47. Nf3 {[%clk 0:03:20]}  Qb1+ {[%clk 0:05:18]} 48. Kh2 {[%clk 0:03:47]}  Qc2 {[%clk 0:05:39]} 49. Qxc2 {[%clk 0:02:54]}  Bxc2 {[%clk 0:06:07]} 50. Ne1 {[%clk 0:01:35]}  Be4 {[%clk 0:06:30]} 51. Kg1 {[%clk 0:01:19]}  Kg7 {[%clk 0:06:26]} 52. f3 {[%clk 0:01:21]}  Bf5 {[%clk 0:06:49]} 53. Kf2 {[%clk 0:01:41]}  Kf8 {[%clk 0:07:03]} 54. Ke2 {[%clk 0:02:02]}  Ke7 {[%clk 0:07:26]} 55. Nd3 {[%clk 0:00:59]}  Bxd3+ {[%clk 0:07:48]} 56. Kxd3 {[%clk 0:01:23]}  Ke6 {[%clk 0:06:44]} 57. Rb3 {[%clk 0:01:22]}  Rc6 {[%clk 0:07:01]} 58. Rb5 {[%clk 0:01:37]}  h4 {[%clk 0:06:46]} 59. Kd2 {[%clk 0:01:47]}  Kf5 {[%clk 0:06:03]} 60. Rxd5 {[%clk 0:02:13]}  Kxg5 {[%clk 0:06:28]} 61. Rd6 {[%clk 0:01:16]}  Rc8 {[%clk 0:04:27]} 62. Rxb6 {[%clk 0:01:30]}  Ra8 {[%clk 0:04:53]} 63. Rb2 {[%clk 0:00:59]}  Kf5 {[%clk 0:04:59]} 64. Kd3 {[%clk 0:00:51]}  Ra1 {[%clk 0:04:24]} 65. Kc4 {[%clk 0:00:33]}  Rf1 {[%clk 0:04:42]} 66. Rb7 {[%clk 0:00:36]}  Ke6 {[%clk 0:04:23]} 67. Rb6+ {[%clk 0:00:54]}  Ke7 {[%clk 0:04:48]} 68. d5 {[%clk 0:00:38]}  h3 {[%clk 0:04:52]} 69. gxh3 {[%clk 0:01:04]}  Rxf3 {[%clk 0:05:18]} 70. Rf6 {[%clk 0:00:34]}  Rf1 {[%clk 0:03:05]} 71. h4 {[%clk 0:00:50]}  f3 {[%clk 0:03:30]} 72. Kc5 {[%clk 0:01:05]}  f2 {[%clk 0:03:09]} 73. c4 {[%clk 0:01:31]}  Re1 {[%clk 0:02:26]} 74. d6+ {[%clk 0:01:22]}  Ke8 {[%clk 0:02:45]} 75. Rxf2 {[%clk 0:01:46]}  Rxe5+ {[%clk 0:03:10]} 76. Kc6 {[%clk 0:02:08]} 1-0

[Event "9 Round Open"]
[Site "Enniscrone, Sligo, IE"]
[Date "2026.02.03"]
[Round "3"]
[White "Collins, Adam"]
[Black "Krastev, Alexander"]
[Result "0-1"]
[Board "2"]
[WhiteFideId "2512300"]
[BlackFideId "12989983"]
[WhiteTitle "FM"]
[BlackTitle "IM"]
[WhiteElo "2312"]
[BlackElo "2433"]
[WhiteTeam "IRL"]
[BlackTeam "GER"]
[WhiteClock "0:29:03"]
[BlackClock "0:02:10"]
[Variant "Standard"]

1. e4 {[%clk 1:30:58]}  c5 {[%clk 1:11:20]} 2. Nf3 {[%clk 1:31:20]}  Nc6 {[%clk 1:11:45]} 3. Bb5 {[%clk 1:31:26]}  d6 {[%clk 1:11:44]} 4. O-O {[%clk 1:31:39]}  Bd7 {[%clk 1:12:08]} 5. Re1 {[%clk 1:31:18]}  a6 {[%clk 1:12:33]} 6. Bf1 {[%clk 1:29:50]}  e5 {[%clk 1:12:31]} 7. c3 {[%clk 1:27:29]}  Be7 {[%clk 1:12:46]} 8. d4 {[%clk 1:25:25]}  cxd4 {[%clk 1:12:56]} 9. cxd4 {[%clk 1:25:53]}  Bg4 {[%clk 1:13:18]} 10. d5 {[%clk 1:26:09]}  Nd4 {[%clk 1:13:41]} 11. Be3 {[%clk 1:26:17]}  Nxf3+ {[%clk 1:13:52]} 12. gxf3 {[%clk 1:26:45]}  Bh5 {[%clk 1:14:14]} 13. Nd2 {[%clk 1:21:46]}  Nh6 {[%clk 1:14:29]} 14. Bh3 {[%clk 1:14:20]}  Bg5 {[%clk 1:02:04]} 15. Qe2 {[%clk 0:57:31]}  O-O {[%clk 1:01:30]} 16. Kh1 {[%clk 0:54:20]}  f5 {[%clk 0:20:17]} 17. Rg1 {[%clk 0:51:11]}  Bxe3 {[%clk 0:20:44]} 18. Qxe3 {[%clk 0:51:14]}  Kh8 {[%clk 0:20:15]} 19. Qg5 {[%clk 0:49:16]}  Bg6 {[%clk 0:20:44]} 20. Qxd8 {[%clk 0:47:35]}  Raxd8 {[%clk 0:21:13]} 21. Kg2 {[%clk 0:44:55]}  Rf6 {[%clk 0:19:16]} 22. Rac1 {[%clk 0:39:53]}  Rdf8 {[%clk 0:19:43]} 23. Rgf1 {[%clk 0:39:26]}  Bh5 {[%clk 0:17:15]} 24. Rce1 {[%clk 0:37:59]}  g5 {[%clk 0:05:35]} 25. Bxf5 {[%clk 0:33:31]}  Nxf5 {[%clk 0:06:04]} 26. exf5 {[%clk 0:33:51]}  Rxf5 {[%clk 0:06:34]} 27. Re3 {[%clk 0:33:23]}  Rf4 {[%clk 0:07:03]} 28. Rd3 {[%clk 0:28:55]}  e4 {[%clk 0:03:32]} 29. Re3 {[%clk 0:28:08]}  exf3+ {[%clk 0:03:54]} 30. Kh1 {[%clk 0:28:33]}  Rd4 {[%clk 0:04:06]} 31. Ne4 {[%clk 0:28:23]}  Rxd5 {[%clk 0:04:35]} 32. Rc1 {[%clk 0:28:13]}  Bg6 {[%clk 0:04:33]} 33. h3 {[%clk 0:27:56]}  Re5 {[%clk 0:01:43]} 34. Rce1 {[%clk 0:27:23]}  Bxe4 {[%clk 0:01:45]} 35. Rxe4 {[%clk 0:27:52]}  Rfe8 {[%clk 0:02:09]} 36. Rxe5 {[%clk 0:27:59]}  Rxe5 {[%clk 0:02:38]} 37. Rd1 {[%clk 0:28:18]}  Re2 {[%clk 0:01:32]} 38. Kg1 {[%clk 0:28:11]}  Rxb2 {[%clk 0:00:40]} 39. Rxd6 {[%clk 0:28:40]}  Kg7 {[%clk 0:00:34]} 40. a4 {[%clk 0:28:47]}  h5 {[%clk 0:00:35]} 41. a5 {[%clk 0:28:45]}  h4 {[%clk 0:00:33]} 42. Rd5 {[%clk 0:27:47]}  Rb1+ {[%clk 0:00:39]} 43. Kh2 {[%clk 0:28:12]}  Rb5 {[%clk 0:01:06]} 44. Rd3 {[%clk 0:28:24]}  Kg6 {[%clk 0:00:36]} 45. Rd7 {[%clk 0:28:35]}  Kf5 {[%clk 0:00:52]} 46. Kg1 {[%clk 0:28:10]}  Rb1+ {[%clk 0:00:35]} 47. Kh2 {[%clk 0:28:39]}  Rb5 {[%clk 0:00:57]} 48. Kg1 {[%clk 0:29:03]}  Ke4 {[%clk 0:01:17]} 49. Kh1 {[%clk 0:29:08]}  Ke5 {[%clk 0:01:02]} 50. Kg1 {[%clk 0:28:52]}  Ke6 {[%clk 0:01:16]} 51. Rg7 {[%clk 0:29:11]}  Kd6 {[%clk 0:00:51]} 52. Kh1 {[%clk 0:29:05]}  Kc6 {[%clk 0:01:12]} 53. Rg6+ {[%clk 0:29:12]}  Kc7 {[%clk 0:01:41]} 54. Rg7+ {[%clk 0:29:03]}  Kb8 {[%clk 0:02:10]} 0-1

[Event "9 Round Open"]
[Site "Enniscrone, Sligo, IE"]
[Date "2026.02.03"]
[Round "3"]
[White "Risteski, Emil"]
[Black "Ribeiro, Gustavo"]
[Result "1-0"]
[Board "3"]
[WhiteFideId "15005267"]
[BlackFideId "1941852"]
[WhiteTitle "IM"]
[BlackTitle "FM"]
[WhiteElo "2410"]
[BlackElo "2276"]
[WhiteTeam "MKD"]
[BlackTeam "POR"]
[WhiteClock "0:01:21"]
[BlackClock "0:15:13"]
[Variant "Standard"]

1. e4 {[%clk 1:11:08]}  c5 {[%clk 1:30:53]} 2. Nf3 {[%clk 1:11:33]}  Nc6 {[%clk 1:31:19]} 3. Bb5 {[%clk 1:10:38]}  d6 {[%clk 1:31:44]} 4. O-O {[%clk 1:10:49]}  Bd7 {[%clk 1:32:11]} 5. Re1 {[%clk 1:11:03]}  a6 {[%clk 1:32:37]} 6. Bf1 {[%clk 1:09:59]}  e5 {[%clk 1:33:01]} 7. c3 {[%clk 1:09:53]}  Be7 {[%clk 1:33:25]} 8. h3 {[%clk 1:07:06]}  Nf6 {[%clk 1:33:37]} 9. d4 {[%clk 1:06:53]}  cxd4 {[%clk 1:32:41]} 10. cxd4 {[%clk 1:07:14]}  exd4 {[%clk 1:32:59]} 11. Nxd4 {[%clk 1:07:08]}  O-O {[%clk 1:33:10]} 12. Nc3 {[%clk 1:06:57]}  Rc8 {[%clk 1:32:52]} 13. Bf4 {[%clk 1:04:21]}  Re8 {[%clk 1:30:21]} 14. Qd2 {[%clk 1:00:53]}  Bf8 {[%clk 1:23:10]} 15. Rad1 {[%clk 0:59:43]}  Ne5 {[%clk 1:16:57]} 16. Nc2 {[%clk 0:39:14]}  Qb6 {[%clk 1:09:07]} 17. Ne3 {[%clk 0:37:15]}  Be6 {[%clk 1:00:49]} 18. b3 {[%clk 0:29:56]}  Rxc3 {[%clk 0:44:26]} 19. Qxc3 {[%clk 0:28:13]}  Nxe4 {[%clk 0:44:40]} 20. Qd4 {[%clk 0:27:50]}  Qxd4 {[%clk 0:44:48]} 21. Rxd4 {[%clk 0:28:13]}  Nc3 {[%clk 0:45:15]} 22. Rd2 {[%clk 0:24:11]}  b5 {[%clk 0:28:06]} 23. Rc1 {[%clk 0:22:25]}  Ne4 {[%clk 0:21:48]} 24. Rd4 {[%clk 0:20:33]}  Nc5 {[%clk 0:19:52]} 25. Rdd1 {[%clk 0:18:38]}  f6 {[%clk 0:16:07]} 26. Nd5 {[%clk 0:18:07]}  Bf7 {[%clk 0:15:43]} 27. Be3 {[%clk 0:16:47]}  Bxd5 {[%clk 0:12:46]} 28. Rxd5 {[%clk 0:16:59]}  b4 {[%clk 0:12:50]} 29. Bd2 {[%clk 0:10:40]}  Rb8 {[%clk 0:12:20]} 30. f4 {[%clk 0:09:51]}  Ned7 {[%clk 0:12:46]} 31. Rd4 {[%clk 0:08:28]}  a5 {[%clk 0:13:12]} 32. Bc4+ {[%clk 0:08:32]}  Kh8 {[%clk 0:13:41]} 33. Re1 {[%clk 0:08:51]}  g6 {[%clk 0:13:36]} 34. g4 {[%clk 0:07:23]}  Kg7 {[%clk 0:12:56]} 35. Kg2 {[%clk 0:07:48]}  Nb6 {[%clk 0:12:51]} 36. Bb5 {[%clk 0:05:05]}  d5 {[%clk 0:12:41]} 37. Re8 {[%clk 0:04:28]}  Rxe8 {[%clk 0:12:31]} 38. Bxe8 {[%clk 0:04:55]}  Ne6 {[%clk 0:12:59]} 39. Rd3 {[%clk 0:05:09]}  Nc5 {[%clk 0:13:26]} 40. Rf3 {[%clk 0:05:03]}  d4 {[%clk 0:13:50]} 41. Bc6 {[%clk 0:05:14]}  Bd6 {[%clk 0:13:39]} 42. Rf1 {[%clk 0:05:27]}  Nc8 {[%clk 0:13:45]} 43. Bf3 {[%clk 0:04:29]}  Nd3 {[%clk 0:13:49]} 44. Rd1 {[%clk 0:03:56]}  Ne7 {[%clk 0:13:25]} 45. Bc1 {[%clk 0:02:43]}  Nxc1 {[%clk 0:13:28]} 46. Rxc1 {[%clk 0:03:12]}  Bxf4 {[%clk 0:13:50]} 47. Rc5 {[%clk 0:03:40]}  d3 {[%clk 0:14:06]} 48. Rxa5 {[%clk 0:03:55]}  d2 {[%clk 0:14:33]} 49. Ra7 {[%clk 0:03:11]}  Kf8 {[%clk 0:15:00]} 50. Rd7 {[%clk 0:03:32]}  g5 {[%clk 0:14:22]} 51. Be4 {[%clk 0:02:04]}  Kf7 {[%clk 0:13:38]} 52. Kf2 {[%clk 0:01:05]}  Ke6 {[%clk 0:13:59]} 53. Rd3 {[%clk 0:01:22]}  Ke5 {[%clk 0:14:06]} 54. Bf3 {[%clk 0:01:43]}  Nc8 {[%clk 0:14:08]} 55. Rd5+ {[%clk 0:01:26]}  Ke6 {[%clk 0:14:32]} 56. Ke2 {[%clk 0:01:49]}  Nd6 {[%clk 0:14:50]} 57. Kd1 {[%clk 0:01:22]}  h5 {[%clk 0:14:43]} 58. Rd4 {[%clk 0:01:31]}  hxg4 {[%clk 0:14:55]} 59. hxg4 {[%clk 0:01:57]}  f5 {[%clk 0:14:46]} 60. Rxb4 {[%clk 0:02:18]}  Ke5 {[%clk 0:15:14]} 61. gxf5 {[%clk 0:00:40]}  Nxf5 {[%clk 0:14:53]} 62. Re4+ {[%clk 0:01:06]}  Kd6 {[%clk 0:15:13]} 63. a4 {[%clk 0:01:09]}  Ne7 {[%clk 0:14:53]} 64. b4 {[%clk 0:01:17]}  Nc6 {[%clk 0:15:13]} 65. Rxf4 {[%clk 0:01:21]} 1-0

[Event "9 Round Open"]
[Site "Enniscrone, Sligo, IE"]
[Date "2026.02.03"]
[Round "3"]
[White "Liu, Jason"]
[Black "Willems, Niels"]
[Result "1/2-1/2"]
[Board "4"]
[WhiteFideId "2514656"]
[BlackFideId "20695586"]
[WhiteTitle "FM"]
[BlackTitle "FM"]
[WhiteElo "2181"]
[BlackElo "2390"]
[WhiteTeam "IRL"]
[BlackTeam "FRA"]
[WhiteClock "0:03:01"]
[BlackClock "0:02:30"]
[Variant "Standard"]

1. e4 {[%clk 1:30:58]}  e5 {[%clk 1:30:30]} 2. Nf3 {[%clk 1:31:14]}  Nc6 {[%clk 1:30:53]} 3. Bc4 {[%clk 1:30:55]}  Nf6 {[%clk 1:31:13]} 4. d3 {[%clk 1:31:21]}  Bc5 {[%clk 1:31:35]} 5. c3 {[%clk 1:31:29]}  a5 {[%clk 1:31:47]} 6. O-O {[%clk 1:27:33]}  d6 {[%clk 1:32:05]} 7. d4 {[%clk 1:20:08]}  Ba7 {[%clk 1:24:27]} 8. dxe5 {[%clk 1:19:05]}  dxe5 {[%clk 1:18:48]} 9. Qe2 {[%clk 1:15:26]}  h6 {[%clk 1:11:03]} 10. Be3 {[%clk 1:07:32]}  Bxe3 {[%clk 1:07:06]} 11. Qxe3 {[%clk 1:07:54]}  O-O {[%clk 1:05:59]} 12. Nbd2 {[%clk 1:04:45]}  Qe7 {[%clk 1:03:19]} 13. Rfd1 {[%clk 0:56:39]}  Bd7 {[%clk 0:51:13]} 14. Nf1 {[%clk 0:52:34]}  Ne8 {[%clk 0:49:29]} 15. Qe2 {[%clk 0:45:09]}  Nd6 {[%clk 0:42:48]} 16. Ne3 {[%clk 0:40:51]}  Nxc4 {[%clk 0:38:03]} 17. Qxc4 {[%clk 0:40:10]}  Rfc8 {[%clk 0:36:14]} 18. Rd2 {[%clk 0:36:31]}  Qe6 {[%clk 0:28:55]} 19. h3 {[%clk 0:32:09]}  a4 {[%clk 0:25:45]} 20. Qe2 {[%clk 0:31:52]}  Be8 {[%clk 0:23:20]} 21. Nd5 {[%clk 0:29:18]}  Ne7 {[%clk 0:21:24]} 22. Rad1 {[%clk 0:27:08]}  Ra6 {[%clk 0:17:39]} 23. Qe3 {[%clk 0:25:19]}  f6 {[%clk 0:16:24]} 24. Nxe7+ {[%clk 0:22:16]}  Qxe7 {[%clk 0:16:54]} 25. Nh4 {[%clk 0:22:27]}  Qe6 {[%clk 0:09:42]} 26. a3 {[%clk 0:18:09]}  Kh7 {[%clk 0:06:20]} 27. Nf5 {[%clk 0:12:40]}  Bg6 {[%clk 0:05:01]} 28. g4 {[%clk 0:12:09]}  Be8 {[%clk 0:03:46]} 29. Qc5 {[%clk 0:08:07]}  g6 {[%clk 0:03:19]} 30. Qe7+ {[%clk 0:05:52]}  Qxe7 {[%clk 0:03:47]} 31. Nxe7 {[%clk 0:06:18]}  Rca8 {[%clk 0:03:39]} 32. Nd5 {[%clk 0:04:34]}  Rc6 {[%clk 0:03:39]} 33. Nb4 {[%clk 0:04:24]}  Re6 {[%clk 0:02:43]} 34. Rd8 {[%clk 0:04:13]}  Rxd8 {[%clk 0:03:06]} 35. Rxd8 {[%clk 0:04:41]}  c6 {[%clk 0:03:01]} 36. Rb8 {[%clk 0:04:09]}  Re7 {[%clk 0:03:22]} 37. Nd3 {[%clk 0:04:05]}  h5 {[%clk 0:02:28]} 38. Nc5 {[%clk 0:03:30]}  b5 {[%clk 0:02:26]} 39. Rd8 {[%clk 0:02:51]}  hxg4 {[%clk 0:02:40]} 40. hxg4 {[%clk 0:03:21]}  Kh6 {[%clk 0:02:35]} 41. Kg2 {[%clk 0:03:22]}  Kg5 {[%clk 0:02:41]} 42. Kg3 {[%clk 0:03:49]}  f5 {[%clk 0:02:09]} 43. gxf5 {[%clk 0:03:52]}  gxf5 {[%clk 0:02:38]} 44. exf5 {[%clk 0:04:07]}  Kxf5 {[%clk 0:03:03]} 45. Kf3 {[%clk 0:03:14]}  Bf7 {[%clk 0:02:30]} 46. Ke3 {[%clk 0:03:01]} 1/2-1/2

[Event "9 Round Open"]
[Site "Enniscrone, Sligo, IE"]
[Date "2026.02.03"]
[Round "3"]
[White "Rosol, Philip"]
[Black "Dolan, Peter"]
[Result "1-0"]
[Board "5"]
[WhiteFideId "1664905"]
[BlackFideId "2413612"]
[WhiteElo "2271"]
[BlackElo "1781"]
[WhiteTeam "POL"]
[BlackTeam "SCO"]
[WhiteClock "0:50:15"]
[BlackClock "0:45:50"]
[Variant "Standard"]

1. d4 {[%clk 1:28:36]}  Nf6 {[%clk 1:30:55]} 2. c4 {[%clk 1:29:02]}  e6 {[%clk 1:31:18]} 3. Nc3 {[%clk 1:29:07]}  Bb4 {[%clk 1:31:11]} 4. e3 {[%clk 1:29:30]}  d5 {[%clk 1:31:15]} 5. a3 {[%clk 1:29:07]}  Bxc3+ {[%clk 1:31:22]} 6. bxc3 {[%clk 1:29:31]}  c5 {[%clk 1:29:42]} 7. Bd3 {[%clk 1:28:47]}  Nc6 {[%clk 1:29:18]} 8. cxd5 {[%clk 1:27:57]}  exd5 {[%clk 1:29:08]} 9. Ne2 {[%clk 1:28:09]}  Qa5 {[%clk 1:27:53]} 10. O-O {[%clk 1:27:00]}  O-O {[%clk 1:25:29]} 11. Rb1 {[%clk 1:24:46]}  a6 {[%clk 1:22:06]} 12. f3 {[%clk 1:22:48]}  Re8 {[%clk 1:18:22]} 13. a4 {[%clk 1:18:47]}  c4 {[%clk 1:14:55]} 14. Bc2 {[%clk 1:19:04]}  b5 {[%clk 1:12:11]} 15. Qd2 {[%clk 1:13:59]}  Rb8 {[%clk 1:10:42]} 16. Ba3 {[%clk 1:11:47]}  Qc7 {[%clk 1:09:45]} 17. Ng3 {[%clk 1:08:55]}  g6 {[%clk 1:05:41]} 18. e4 {[%clk 1:08:04]}  Be6 {[%clk 1:04:58]} 19. e5 {[%clk 1:07:33]}  Nxe5 {[%clk 1:04:55]} 20. dxe5 {[%clk 1:06:31]}  Qxe5 {[%clk 1:05:07]} 21. Bc5 {[%clk 1:05:57]}  Nd7 {[%clk 1:03:38]} 22. Bd4 {[%clk 1:05:55]}  Qd6 {[%clk 1:04:00]} 23. Rfe1 {[%clk 1:02:06]}  Qf8 {[%clk 1:01:47]} 24. axb5 {[%clk 1:01:24]}  axb5 {[%clk 1:01:39]} 25. Nh5 {[%clk 0:57:46]}  f6 {[%clk 0:59:42]} 26. Nf4 {[%clk 0:57:16]}  Bf7 {[%clk 0:59:46]} 27. Rxe8 {[%clk 0:56:32]}  Qxe8 {[%clk 0:59:00]} 28. Ra1 {[%clk 0:51:48]}  g5 {[%clk 0:54:40]} 29. Ne2 {[%clk 0:51:12]}  Rb7 {[%clk 0:54:15]} 30. Ng3 {[%clk 0:51:28]}  Bg6 {[%clk 0:50:06]} 31. Re1 {[%clk 0:51:07]}  Qf7 {[%clk 0:49:55]} 32. Nf5 {[%clk 0:50:29]}  Qf8 {[%clk 0:48:55]} 33. Ne7+ {[%clk 0:50:00]}  Kf7 {[%clk 0:47:03]} 34. Bxg6+ {[%clk 0:49:45]}  hxg6 {[%clk 0:47:20]} 35. Nxd5 {[%clk 0:49:59]}  Qd6 {[%clk 0:46:53]} 36. Qe3 {[%clk 0:49:59]}  Ne5 {[%clk 0:45:50]} 37. Nxf6 {[%clk 0:50:15]} 1-0

[Event "9 Round Open"]
[Site "Enniscrone, Sligo, IE"]
[Date "2026.02.03"]
[Round "3"]
[White "Hushpit, Lukian"]
[Black "Halvorsen, Benjamin"]
[Result "1-0"]
[Board "6"]
[WhiteFideId "14189208"]
[BlackFideId "1516604"]
[WhiteElo "2100"]
[BlackElo "2007"]
[WhiteTeam "IRL"]
[BlackTeam "NOR"]
[WhiteClock "0:02:17"]
[BlackClock "0:02:51"]
[Variant "Standard"]

1. e4 {[%clk 1:30:56]}  c5 {[%clk 1:30:50]} 2. Nf3 {[%clk 1:31:20]}  d6 {[%clk 1:31:14]} 3. Bb5+ {[%clk 1:30:21]}  Bd7 {[%clk 1:31:37]} 4. Bxd7+ {[%clk 1:30:38]}  Nxd7 {[%clk 1:32:01]} 5. O-O {[%clk 1:30:51]}  Ngf6 {[%clk 1:32:12]} 6. Re1 {[%clk 1:30:08]}  a6 {[%clk 1:30:52]} 7. c3 {[%clk 1:24:54]}  e6 {[%clk 1:28:06]} 8. d4 {[%clk 1:24:40]}  Be7 {[%clk 1:23:33]} 9. Nbd2 {[%clk 1:17:52]}  cxd4 {[%clk 1:23:33]} 10. cxd4 {[%clk 1:18:07]}  O-O {[%clk 1:23:08]} 11. b3 {[%clk 1:11:03]}  Rc8 {[%clk 1:07:12]} 12. Bb2 {[%clk 1:09:49]}  d5 {[%clk 1:02:43]} 13. e5 {[%clk 1:09:14]}  Ng4 {[%clk 1:01:07]} 14. Nf1 {[%clk 1:06:51]}  f6 {[%clk 0:59:07]} 15. exf6 {[%clk 1:00:01]}  Rxf6 {[%clk 0:58:53]} 16. Ng3 {[%clk 0:48:57]}  Qe8 {[%clk 0:52:16]} 17. Rc1 {[%clk 0:38:05]}  Rxc1 {[%clk 0:47:39]} 18. Qxc1 {[%clk 0:36:35]}  h5 {[%clk 0:45:24]} 19. h3 {[%clk 0:32:38]}  h4 {[%clk 0:40:27]} 20. Nf1 {[%clk 0:31:36]}  Nh6 {[%clk 0:40:03]} 21. Qc7 {[%clk 0:31:13]}  Nf8 {[%clk 0:28:34]} 22. Qxb7 {[%clk 0:29:34]}  Rxf3 {[%clk 0:27:39]} 23. gxf3 {[%clk 0:29:24]}  Qg6+ {[%clk 0:27:54]} 24. Kh1 {[%clk 0:28:58]}  Bf6 {[%clk 0:18:22]} 25. Qxa6 {[%clk 0:24:40]}  Qf5 {[%clk 0:18:28]} 26. Qe2 {[%clk 0:24:05]}  Qxh3+ {[%clk 0:18:22]} 27. Kg1 {[%clk 0:23:38]}  Nf7 {[%clk 0:17:24]} 28. f4 {[%clk 0:21:14]}  g5 {[%clk 0:16:22]} 29. Nh2 {[%clk 0:21:05]}  Qf5 {[%clk 0:16:16]} 30. fxg5 {[%clk 0:20:09]}  Nxg5 {[%clk 0:16:11]} 31. Kh1 {[%clk 0:20:11]}  Ng6 {[%clk 0:15:32]} 32. Qg4 {[%clk 0:17:07]}  Qc2 {[%clk 0:15:40]} 33. Bc1 {[%clk 0:16:45]}  Nf7 {[%clk 0:10:50]} 34. Qxe6 {[%clk 0:08:43]}  Bxd4 {[%clk 0:10:01]} 35. Be3 {[%clk 0:08:12]}  Bxe3 {[%clk 0:08:51]} 36. Qxe3 {[%clk 0:08:35]}  Qxa2 {[%clk 0:08:41]} 37. Ng4 {[%clk 0:08:24]}  d4 {[%clk 0:05:24]} 38. Qf3 {[%clk 0:04:52]}  Qa7 {[%clk 0:04:31]} 39. Re8+ {[%clk 0:03:32]}  Kh7 {[%clk 0:03:28]} 40. Nf6+ {[%clk 0:03:44]}  Kh6 {[%clk 0:03:57]} 41. Rg8 {[%clk 0:02:29]}  Qa5 {[%clk 0:02:36]} 42. Ng4+ {[%clk 0:02:35]}  Kg5 {[%clk 0:02:34]} 43. Qxf7 {[%clk 0:01:56]}  Qe1+ {[%clk 0:02:51]} 44. Kh2 {[%clk 0:02:17]} 1-0